Hacking Exposed Wireless: Wireless Security Secrets & Solutions

Salvato in:
Dettagli Bibliografici
Autori principali: Cache, Johnny (Autore), Wright, Joshua (Autore), Liu, Vincent (Autore)
Natura: Libro
Lingua:inglese
Pubblicazione: New York : McGraw-Hill, 2010
Edizione:2. vyd.
Soggetti:
Tags: Aggiungi Tag
Nessun Tag, puoi essere il primo ad aggiungerne!!

MARC

LEADER 00000nam a22000003a 4500
001 stu223008
005 20150617230121.8
008 110324s2010----xxu-----------------eng-d
020 |a 978-0-07-166661-9 
040 |a STU  |b slo 
041 0 |a eng 
044 |a xxu 
100 1 |a Cache, Johnny  |4 aut 
245 1 |a Hacking Exposed Wireless: Wireless Security Secrets & Solutions 
250 |a 2. vyd. 
260 |a New York :  |b McGraw-Hill,  |c 2010 
300 |a 484 s 
650 7 |a počítačová bezpečnosť  |2 stusub 
700 1 |a Wright, Joshua  |4 aut 
700 1 |a Liu, Vincent  |4 aut 
996 |b II6245  |c I*6245  |l II680  |s A  |a 24  |w stu223008_0001